Training course on aquaculture extension

Guardat en:
Dades bibliogràfiques
Autor principal: Turongtuang, Danai
Format: Llibre
Idioma:Undetermined
Publicat: 1997
Matèries:
Etiquetes: Afegir etiqueta
Sense etiquetes, Sigues el primer a etiquetar aquest registre!
Thư viện lưu trữ: Trung tâm Học liệu Trường Đại học Cần Thơ
LEADER 00470nam a2200157Ia 4500
001 CTU_149505
008 210402s9999 xx 000 0 und d
082 |a 639 
082 |b T768 
100 |a Turongtuang, Danai 
245 0 |a Training course on aquaculture extension 
245 0 |c Danai Turongruang, Rick Gregory 
260 |c 1997 
650 |a Aquaculture,Nuôi trồng thủy sản 
904 |i Nguyên 
980 |a Trung tâm Học liệu Trường Đại học Cần Thơ